000 00275pam a2200145 a 4500
020 _c
041 _h
100 _aMadhav Gadgil
245 _aA Methodology Manual
260 _c1996
300 _a267
653 _aMethodology
700 _aR.J.Ranjit
930 _a1290
999 _c247143
_d247143